Darwish ; Miraj Khalid aik Nazar main[urdu] (Record no. 324229)

000 -LEADER
fixed length control field 00348 a2200133 4500
001 - CONTROL NUMBER
control field 89156
082 ## - DEWEY DECIMAL CLASSIFICATION NUMBER
Classification number 923.2 AMI
090 ## - LOCALLY ASSIGNED LC-TYPE CALL NUMBER (OCLC); LOCAL CALL NUMBER (RLIN)
-- 42106
-- 42106
100 ## - MAIN ENTRY--PERSONAL NAME
Personal name Amir Hussain, Agha
245 ## - TITLE STATEMENT
Title Darwish ; Miraj Khalid aik Nazar main[urdu]
Statement of responsibility, etc. Agha meer huusain
260 ## - PUBLICATION, DISTRIBUTION, ETC.
Place of publication, distribution, etc. Lahore
Name of publisher, distributor, etc. classic
Date of publication, distribution, etc. 2005
300 ## - PHYSICAL DESCRIPTION
Extent 162 p.
740 ## - ADDED ENTRY--UNCONTROLLED RELATED/ANALYTICAL TITLE
Medium politicians biography
942 ## - ADDED ENTRY ELEMENTS (KOHA)
Institution code [OBSOLETE] CAE NUST
Call number prefix 923.2 AMI
Holdings
Withdrawn status Lost status Damaged status Not for loan Collection code Permanent Location Current Location Date acquired Total Checkouts Full call number Barcode Date last seen Price effective from Koha item type
          College of Aeronautical Engineering (CAE) College of Aeronautical Engineering (CAE) 04/03/2017   923.2 AMI CAE86035 04/05/2017 04/05/2017 Book
© 2023 Central Library, National University of Sciences and Technology. All Rights Reserved.